Cyclisme : Champions du monde sur route - Mort subite - Statistiques

Statistiques générales
  • Ce quiz a été pris 196 fois
  • Le résultat moyen est 5 sur 14
Answers on the Grid
Answers color-coded by a green-red scale on the quiz's grid according to % correct below.
Erik Zabel
Tom Boonen
Fabian Cancellara
Laurent Jalabert
Fausto Coppi
André Darrigade
Wout van Aert
Miguel Indurain
Adrie van der Poel
Mario Cipollini
Thor Hushovd
Peter Sagan
Cyrille Guimard
Gino Bartali
Roger De Vlaeminck
Mark Cavendish
Jacques Anquetil
Tadej Pogačar
Bauke Mollema
Tom Simpson
Tony Martin
Joaquim Rodriguez
Philippe Gilbert
Eddy Merckx
Bernard Hinault
Greg Van Avermaet
Luc Leblanc
Julian Alaphilippe
 
Statistiques - réponses
Réponse % Correct
Julian Alaphilippe
62%
Peter Sagan
61%
Eddy Merckx
59%
Tom Boonen
59%
Tadej Pogačar
57%
Mark Cavendish
46%
Bernard Hinault
45%
Philippe Gilbert
38%
Thor Hushovd
26%
Mario Cipollini
17%
Fausto Coppi
16%
Luc Leblanc
16%
Tom Simpson
12%
André Darrigade
11%
Aucun quiz correspondant
Distribution des résultats
% des personnes avec chaque résultat
Percentile par nombre de réponses
Votre historique - résultats
Vous n’avez pas pris ce quiz